[Event "ROM-ch U14"]
[Site "Calimanesti Caciulata"]
[Date "2019.04.19"]
[Round "6"]
[White "Stanciu, Andrei Teodor"]
[Black "Grosu, Tudor"]
[Result "1/2-1/2"]
[WhiteElo "1269"]
[BlackElo "1114"]
[PlyCount "30"]
[EventDate "2019.04.15"]
[EventType "swiss"]
[EventRounds "9"]
[EventCountry "ROU"]
[SourceTitle "CBM 190 Extra"]
[Source "ChessBase"]
[SourceDate "2019.07.15"]
[SourceVersion "1"]
[SourceVersionDate "2019.07.15"]
[SourceQuality "1"]

1. d4 Nf6 2. Nf3 g6 3. c4 Bg7 4. Nc3 0-0 5. e3 d6 6. Be2 Nbd7 7. 0-0 e5 8. Qc2 c6 9. Rd1 Qc7 10. b3 Re8 11. Bd3 d5 12. cxd5 cxd5 13. dxe5 Nxe5 14. Nxe5 Qxe5 15. Bb2 Bg4 1/2-1/2

[Event "ROM-ch U14"]
[Site "Calimanesti Caciulata"]
[Date "2019.04.17"]
[Round "4"]
[White "Stanciu, Andrei Teodor"]
[Black "Mazilu, Stefan Fabian"]
[Result "1/2-1/2"]
[WhiteElo "1269"]
[BlackElo "1521"]
[PlyCount "49"]
[EventDate "2019.04.15"]
[EventType "swiss"]
[EventRounds "9"]
[EventCountry "ROU"]
[SourceTitle "CBM 190 Extra"]
[Source "ChessBase"]
[SourceDate "2019.07.15"]
[SourceVersion "1"]
[SourceVersionDate "2019.07.15"]
[SourceQuality "1"]

1. d4 Nf6 2. Nf3 e6 3. c4 b6 4. Nc3 Bb4 5. Bd2 Bb7 6. e3 0-0 7. Bd3 d6 8. a3 Bxc3 9. Bxc3 Nbd7 10. 0-0 Qe7 11. Re1 Rfd8 12. e4 e5 13. b4 Re8 14. d5 g6 15. Nd2 Nh5 16. g3 Rf8 17. Rf1 Bc8 18. Qe2 Re8 19. Rae1 Qd8 20. Qd1 Ng7 21. f4 f5 22. fxe5 Nxe5 23. Bxe5 Rxe5 24. Nf3 Re8 25. Nd4 1/2-1/2

[Event "ROM-ch U14"]
[Site "Calimanesti Caciulata"]
[Date "2019.04.15"]
[Round "1"]
[White "Mihalcescu, Alexandru"]
[Black "Stanciu, Andrei Teodor"]
[Result "1-0"]
[WhiteElo "1740"]
[BlackElo "1269"]
[PlyCount "103"]
[EventDate "2019.04.15"]
[EventType "swiss"]
[EventRounds "9"]
[EventCountry "ROU"]
[SourceTitle "CBM 190 Extra"]
[Source "ChessBase"]
[SourceDate "2019.07.15"]
[SourceVersion "1"]
[SourceVersionDate "2019.07.15"]
[SourceQuality "1"]

1. e4 c5 2. d3 Nc6 3. g3 d6 4. Bg2 Nf6 5. f4 g6 6. Nf3 Bg7 7. 0-0 0-0 8. Qe1 Qc7 9. c3 e6 10. h3 Re8 11. Be3 b6 12. Na3 Ba6 13. Rd1 d5 14. e5 Nd7 15. g4 f6 16. exf6 Nxf6 17. Qh4 Re7 18. Rf2 Rf8 19. Ne5 Nd7 20. Nxc6 Qxc6 21. f5 exf5 22. Qxe7 Bf6 23. c4 Bxe7 24. Bxd5+ Qxd5 25. cxd5 Ne5 26. d4 Nd3 27. Rfd2 Nb4 28. dxc5 Bxc5 29. Bxc5 bxc5 30. b3 Rd8 31. Nc4 Bb7 32. a3 Na6 33. Na5 Ba8 34. Nc6 Rd7 35. Ne5 Rd6 36. Nc4 Rd8 37. d6 Nb8 38. Ne5 Nc6 39. Nxc6 Bxc6 40. gxf5 gxf5 41. Rc1 Kf7 42. Rxc5 Bd7 43. Kf2 Ke6 44. Kf3 Bc8 45. Kf4 Bb7 46. Re5+ Kd7 47. Re7+ Kc6 48. Rf7 Bc8 49. Rc7+ Kb6 50. Rxc8 Rxc8 51. d7 Rd8 52. Ke5 1-0

[Event "ROM-ch U14"]
[Site "Calimanesti"]
[Date "2018.04.02"]
[Round "8"]
[White "Balaban Voia, Alexandru"]
[Black "Stanciu, Andrei Teodor"]
[Result "1-0"]
[WhiteElo "1807"]
[BlackElo "1282"]
[PlyCount "89"]
[EventDate "2018.03.27"]
[EventType "swiss"]
[EventRounds "9"]
[EventCountry "ROU"]
[SourceTitle "CBM 183 Extra"]
[Source "ChessBase"]
[SourceDate "2018.04.19"]
[SourceVersion "1"]
[SourceVersionDate "2018.04.19"]
[SourceQuality "1"]

1. e4 c5 2. Nf3 Nc6 3. g3 d6 4. Bg2 Nf6 5. d3 g6 6. 0-0 Bg7 7. c3 0-0 8. h3 e6 9. Be3 b6 10. Qd2 Bb7 11. Bh6 Re8 12. Bxg7 Kxg7 13. b4 cxb4 14. cxb4 Rc8 15. Qb2 e5 16. Nbd2 b5 17. Rac1 Qd7 18. Rc2 Ne7 19. Rfc1 Rxc2 20. Rxc2 Rc8 21. Nb3 Rxc2 22. Qxc2 Qc6 23. Qb2 Qc7 24. Na5 Bc8 25. d4 Nd7 26. dxe5 Nxe5 27. Nd4 Qb6 28. Kh2 Kg8 29. f4 Nc4 30. Nxc4 bxc4 31. Qc3 Qa6 32. a3 Nc6 33. b5 Qa5 34. Qxc4 Nxd4 35. Qxd4 Qxa3 36. e5 dxe5 37. Qxe5 Be6 38. g4 Qb4 39. f5 gxf5 40. gxf5 Bd7 41. f6 Qf8 42. Bc6 Be6 43. h4 Qh6 44. Qg3+ Qg6 45. Qb8+ 1-0

[Event "ROM-ch U14"]
[Site "Calimanesti"]
[Date "2018.03.29"]
[Round "4"]
[White "Vilcu, Matei Stefan"]
[Black "Stanciu, Andrei Teodor"]
[Result "1-0"]
[WhiteElo "2005"]
[BlackElo "1282"]
[PlyCount "71"]
[EventDate "2018.03.27"]
[EventType "swiss"]
[EventRounds "9"]
[EventCountry "ROU"]
[SourceTitle "CBM 183 Extra"]
[Source "ChessBase"]
[SourceDate "2018.04.19"]
[SourceVersion "1"]
[SourceVersionDate "2018.04.19"]
[SourceQuality "1"]

1. e4 c5 2. Nf3 Nc6 3. d4 cxd4 4. Nxd4 d6 5. Nc3 g6 6. Be3 Bg7 7. f3 Nf6 8. Qd2 0-0 9. g4 e6 10. 0-0-0 d5 11. g5 Nd7 12. exd5 exd5 13. Nb3 Nb6 14. Kb1 Qe7 15. Bc5 Qd8 16. Bxf8 Kxf8 17. Nxd5 Nxd5 18. Qxd5 Be6 19. Qxd8+ Rxd8 20. Be2 Ke7 21. c3 Bf5+ 22. Ka1 Rxd1+ 23. Rxd1 Be5 24. Bc4 Bxh2 25. Rh1 Bf4 26. Rxh7 Ne5 27. Bd5 b6 28. Nd4 Bd7 29. Ne2 Be3 30. f4 Nd3 31. Rxf7+ Kd6 32. Be4 Nf2 33. Bxg6 Bg4 34. Ng3 Nh3 35. Ne4+ Kd5 36. Nf6+ 1-0

[Event "ROM-ch U12"]
[Site "Calimanesti Caciulata"]
[Date "2016.04.24"]
[Round "8"]
[White "Metehau, Luca Mihnea"]
[Black "Stanciu, Andrei Teodor"]
[Result "1-0"]
[WhiteElo "1696"]
[BlackElo "1185"]
[PlyCount "87"]
[EventDate "2016.04.18"]
[EventType "swiss"]
[EventRounds "9"]
[EventCountry "ROU"]
[SourceTitle "CBM 172 Extra"]
[Source "ChessBase"]
[SourceDate "2016.06.21"]
[SourceVersion "1"]
[SourceVersionDate "2016.06.21"]
[SourceQuality "1"]

1. e4 g6 2. d4 Bg7 3. Nf3 d6 4. Bd3 Nf6 5. 0-0 0-0 6. c3 c6 7. e5 Ne8 8. Re1 Nd7 9. Bf4 Nb6 10. Na3 Nd5 11. Bg3 b5 12. Nc2 Nec7 13. Ne3 Nxe3 14. fxe3 Re8 15. Rf1 Bg4 16. h3 Bxf3 17. Qxf3 dxe5 18. Qxf7+ Kh8 19. Qf3 Qd7 20. Rae1 Rf8 21. Qe4 Qd5 22. Bxe5 Bxe5 23. Qxe5+ Qxe5 24. dxe5 Kg7 25. Be4 Nd5 26. Bxd5 cxd5 27. e4 Rxf1+ 28. Kxf1 Rf8+ 29. Ke2 dxe4 30. Ke3 e6 31. Re2 Rd8 32. Kxe4 a5 33. b3 b4 34. c4 Kf7 35. c5 Rd5 36. Rc2 Ke7 37. c6 Kd8 38. c7+ Kc8 39. Kf4 h6 40. Ke4 Rd7 41. Rc5 Rxc7 42. Kd4 Rxc5 43. Kxc5 Kb7 44. Kd6 1-0

[Event "ROM-ch U12"]
[Site "Calimanesti Caciulata"]
[Date "2016.04.22"]
[Round "6"]
[White "Stanciu, Andrei Teodor"]
[Black "Anton, Claudiu George Alex"]
[Result "1-0"]
[WhiteElo "1185"]
[BlackElo "1480"]
[PlyCount "85"]
[EventDate "2016.04.18"]
[EventType "swiss"]
[EventRounds "9"]
[EventCountry "ROU"]
[SourceTitle "CBM 172 Extra"]
[Source "ChessBase"]
[SourceDate "2016.06.21"]
[SourceVersion "1"]
[SourceVersionDate "2016.06.21"]
[SourceQuality "1"]

1. d4 f5 2. e3 Nf6 3. c4 e6 4. Nc3 d5 5. Nf3 Bd6 6. c5 Be7 7. Bd3 c6 8. 0-0 0-0 9. b4 Nbd7 10. Bb2 Ne4 11. Ne2 Ng5 12. Nd2 Bf6 13. Qc2 Qe8 14. a4 Ne4 15. Rfe1 e5 16. dxe5 Bxe5 17. f3 Nxd2 18. Qxd2 Bxb2 19. Qxb2 Qxe3+ 20. Kf1 Qxd3 21. Kf2 f4 22. Nd4 Nf6 23. Re2 Bd7 24. Rae1 Rae8 25. b5 Rxe2+ 26. Rxe2 Re8 27. bxc6 Rxe2+ 28. Nxe2 Bxc6 29. Nxf4 Qc4 30. Ne6 Qxa4 31. Nd8 Qa6 32. Qe5 Qa2+ 33. Kg3 d4 34. Qb8 Nd7 35. Qc8 Nf8 36. Nxc6 bxc6 37. Qxc6 Qe6 38. Qc7 g5 39. c6 Qe1+ 40. Kg4 Qh4+ 41. Kf5 Qf4+ 42. Qxf4 gxf4 43. c7 1-0

[Event "ROM-ch U10"]
[Site "Calimanesti"]
[Date "2015.04.06"]
[Round "9"]
[White "Stanciu, Andrei Teodor"]
[Black "Andronache, Adrian"]
[Result "1-0"]
[WhiteElo "1138"]
[BlackElo "1051"]
[PlyCount "33"]
[EventDate "2015.03.30"]
[EventType "swiss"]
[EventRounds "9"]
[EventCountry "ROU"]
[SourceTitle "CBM 165 Extra"]
[Source "ChessBase"]
[SourceDate "2015.04.21"]
[SourceVersion "1"]
[SourceVersionDate "2015.04.21"]
[SourceQuality "1"]

1. d4 d5 2. Nf3 Nf6 3. e3 e6 4. c4 c5 5. Nc3 Nbd7 6. Bd3 Bd6 7. Bd2 0-0 8. 0-0 b6 9. Rc1 Bb7 10. Re1 Re8 11. cxd5 exd5 12. b3 Rc8 13. Qc2 cxd4 14. exd4 Rxe1+ 15. Rxe1 g6 16. Bg5 Qc7 17. Rc1 1-0

[Event "ROM-ch U10"]
[Site "Calimanesti"]
[Date "2015.04.03"]
[Round "6"]
[White "Pragai, Rares Alexandru"]
[Black "Stanciu, Andrei Teodor"]
[Result "1-0"]
[WhiteElo "1284"]
[BlackElo "1138"]
[PlyCount "49"]
[EventDate "2015.03.30"]
[EventType "swiss"]
[EventRounds "9"]
[EventCountry "ROU"]
[SourceTitle "CBM 165 Extra"]
[Source "ChessBase"]
[SourceDate "2015.04.21"]
[SourceVersion "1"]
[SourceVersionDate "2015.04.21"]
[SourceQuality "1"]

1. d4 d5 2. c4 c6 3. Nc3 Nf6 4. Bg5 Nbd7 5. Nf3 e6 6. e3 Be7 7. Bd3 h6 8. Bh4 0-0 9. 0-0 c5 10. Rc1 cxd4 11. exd4 Ng4 12. Bxe7 Qxe7 13. cxd5 exd5 14. Nxd5 Qd6 15. Nc7 Rb8 16. Re1 Ndf6 17. Ne5 b6 18. Nb5 Qd5 19. Bc4 Qa8 20. Nc6 Rb7 21. Nd6 Rc7 22. Nxc8 Rxc6 23. Ne7+ Kh8 24. Nxc6 Qxc6 25. Bxf7 1-0

[Event "ROM-ch U10"]
[Site "Calimanesti"]
[Date "2015.04.02"]
[Round "4"]
[White "Costin, Alexandru"]
[Black "Stanciu, Andrei Teodor"]
[Result "0-1"]
[WhiteElo "1496"]
[BlackElo "1138"]
[PlyCount "97"]
[EventDate "2015.03.30"]
[EventType "swiss"]
[EventRounds "9"]
[EventCountry "ROU"]
[SourceTitle "CBM 165 Extra"]
[Source "ChessBase"]
[SourceDate "2015.04.21"]
[SourceVersion "1"]
[SourceVersionDate "2015.04.21"]
[SourceQuality "1"]

1. Nf3 Nf6 2. d4 d5 3. c4 c6 4. Nc3 Bf5 5. Nh4 Bc8 6. e3 e6 7. Bd3 Nbd7 8. Nf3 Bd6 9. 0-0 0-0 10. Bd2 c5 11. Rc1 Nb6 12. cxd5 cxd4 13. exd4 exd5 14. Re1 Bd7 15. Qc2 Rc8 16. Bg5 g6 17. Bh6 Re8 18. Rxe8+ Qxe8 19. Re1 Qd8 20. Qb1 Qc7 21. Ne5 Re8 22. Nxd7 Bxh2+ 23. Kh1 Nbxd7 24. Rxe8+ Nxe8 25. Nxd5 Qd6 26. Qe1 Nef6 27. Nxf6+ Nxf6 28. Qc3 Qc7 29. Qxc7 Bxc7 30. Bg5 Kg7 31. Kg1 Bb6 32. Be3 Ng4 33. Be4 f5 34. Bxb7 f4 35. Bd2 Bxd4 36. Bc3 Bxc3 37. bxc3 Ne5 38. Bd5 Kf6 39. c4 Nd3 40. a3 Ke5 41. Kf1 Kd4 42. Bg8 h6 43. Ke2 Ne5 44. Kd2 Nxc4+ 45. Bxc4 Kxc4 46. Kc2 g5 47. a4 Kb4 48. Kb2 Kxa4 49. Kc3 0-1